AK’s General Knowledge A-Z #18 - Statistics

General Stats
  • This quiz has been taken 1,095 times
  • The average score is 17 of 26
Answer Stats
Hint Answer % Correct
A – English rock band ___ Monkeys, or the smallest and shallowest of the world's five major oceans Arctic
95%
F – honest, candid, or Anne who wrote about her tragic life while hiding behind a bookcase in Amsterdam Frank
94%
J – brand of American automobile; originally a four-wheel drive developed for the U.S. Army Jeep
91%
M – a Shakespeare tragedy, or fictional Highlands village constable Hamish Macbeth
85%
H – word you can see on the southern slope of Mount Lee in L.A. Hollywood
84%
V – a blood vessel that transports blood from the capillaries back to the heart Vein
84%
R – if you took a taxi from the Bolshoi Theatre to Kremlin, you’d probably use this currency Ruble
83%
B – country where the largest city is Santa Cruz de la Sierra Bolivia
82%
Y – a milk-based product thickened by a bacterium-aided curdling process Yogurt
82%
L – the thing that can't change its spots Leopard
81%
T – first name of Zac Efron’s character in High School Musical, or a place you can get in with a wooden horse Troy
78%
W – World of _______, a massively multiplayer online role-playing game set in the world of Azeroth Warcraft
74%
Z – belt-like region of the celestial sphere which, in Western astrology, is divided into twelve signs, such as Aries and Virgo Zodiac
73%
G – represents a challenge to a duel, or what Elsa had to wear in “Frozen” so as not to make everything, well, frozen Glove
69%
I – social networking service whose name can be used to indicate that something is visually appealing (“_______mable”) Instagram
67%
P – Alice Cooper’s hit from 1989, or Socrates’s last beverage Poison
61%
S – sport where Jahangir Khan is a legend, or to beat or press into pulp Squash
59%
C – a desirable partner, or what Ahab tried to do to Moby Dick Catch
55%
Q – “The ____ Man”, a 1952 American romantic comedy-drama film directed by John Ford Quiet
53%
N – the name of this country’s capital means “windy corner” Namibia
48%
X – Greek letter with symbols Ξ, ξ Xi
38%
O – meaning of Polish word “okupacja” Occupation
36%
D – smaller of the two moons of Mars Deimos
33%
U – Frank who rises to president of the United States through treachery, deception and murder in “House of Cards” Underwood
27%
K – American singer born in 1998 whose hits include “Young Dumb & Broke,” “Talk” and “Better” Khalid
26%
E – Ole ____ Bjørndalen, who has 13 Olympic medals in biathlon Einar
9%
No matching quizzes found
Score Distribution
Percent of People with Each Score
Percentile by Number Answered
Your Score History
You have not taken this quiz